000 00590 a2200205 4500
003 Nust
005 20170207171607.0
010 _a 2004053274
020 _a0273687131
040 _cNust
082 0 0 _a658.3
100 1 _aTorrington, Derek,
245 1 0 _aHuman resource management (E-BOOK)
_cDerek Torrington, Laura Hall, Stephen Taylor.
250 _a6th ed.
260 _aHarlow, England ;
_aNew York :
_bFT Prentice Hall,
_c2005.
300 _axxi, 810 p. :
_bcol. ill. ;
_c27 cm.
650 0 _aPersonnel management.
700 1 _aHall, Laura,
_d1952-
700 1 _aTaylor, Stephen,
_d1965-
942 _2ddc
_cBK
999 _c217610
_d217610